000 00723nam a2200289Ia 4500
005 20260324134040.0
008 008 260324s9999 xx 000 0 eng d
020 _a9780203467473
037 _aEBOOK
040 _aCRL
040 _beng
040 _cCRL
041 _2eng
041 _aeng
084 _qCRL
100 _aPhilip Arestis; Meghnad Desai; Sheila Dow
_91195380
245 0 _aMoney, Macroeconomics and Keynes
245 0 _bEssays in Honour of Victoria Chick, Volume 1
260 _bTaylor and Francis
260 _c2002
365 _a
365 _b290
856 _uhttp://www.taylorfrancis.com/books/9780203467473
942 _cEBOOK
999 _c1795037
_d1795037